00554nam a2200157 a 450000100100000000500170001000800410002704000250006808200130009310000360010624500660014226000390020830000210024795201110026899900170037900004190320201002035825.0131021s1998 dr 000 0 spa d aDO-SdBNPbspacBNPHU axxxbxxx1 aMedina Acosta, José B.96879710aDesenterrando la iglesia de Dios. /cJosé B. Medina Acosta. aSanto Domingo, :bCorripio,c1998. a140 p. ;c23 cm. 0010718PDaPDbPDcCTd2013-10-21iLF1l0oxxx xxxp41903-10r2020-06-25w2020-06-25yLFPDZNo se presta c41392d41392